Reagents for the van slyke-folch wet carbon combustion (Record no. 45497)

MARC details
000 -LEADER
fixed length control field 00372nam a2200133Ia 4500
100 ## - MAIN ENTRY--AUTHOR NAME
Personal name Slyke Donald D Van
245 #0 - TITLE STATEMENT
Title Reagents for the van slyke-folch wet carbon combustion
260 ## - PUBLICATION, DISTRIBUTION, ETC. (IMPRINT)
Name of publisher Journal of Biological Chemistry
Year of publication 1951
300 ## - PHYSICAL DESCRIPTION
Number of Pages 299-304
700 ## - ADDED ENTRY--PERSONAL NAME
Personal name Plazin John
700 ## - ADDED ENTRY--PERSONAL NAME
Personal name Weisiger James R
942 ## - ADDED ENTRY ELEMENTS (KOHA)
Koha item type Reprints
Holdings
Withdrawn status Lost status Damaged status Not for loan Home library Current library Shelving location Date acquired Serial Enumeration / chronology Accession Number Koha item type
      Reprints RRII Library RRII Library Rubber chemistry 22/12/2021 Volume 191, Issue P00072 Reprints